| 000 | 00635nam a2200229Ia 4500 | ||
|---|---|---|---|
| 008 | 131103s9999 xx 000 0 und d | ||
| 020 | _cRs.9 | ||
| 040 | _aLoreto College | ||
| 041 | _aEnglish | ||
| 082 |
_a370.15/MOR _bLCLIB/20517 |
||
| 100 | _aMorse,William C. | ||
| 245 |
_aPsychology and teaching _cWilliam C.Morse and G.Max Wingo |
||
| 250 | _a2nd ed. | ||
| 260 |
_aBombay _bD.B.Taraporevala sons _c1962 |
||
| 300 |
_a528 p. _b ill.,fig. _c 11 cm. |
||
| 504 | _aIncludes references and index | ||
| 650 | _aEducation | ||
| 651 | _aEducational Psychology | ||
| 700 | _aWingo,G.Max,auth. | ||
| 850 | _aLCLIB | ||
| 942 | _cBK | ||
| 999 |
_c9039 _d59518 |
||